Normal view
MARC view
Entry Personal Name
001 - CONTROL NUMBER
- control field: 4630
003 - CONTROL NUMBER IDENTIFIER
- control field: ARRUPE
005 - DATE AND TIME OF LATEST TRANSACTION
- control field: 20131202175013.0
008 - FIXED-LENGTH DATA ELEMENTS
- fixed length control field: 131202|| aca||aabn | a|a d
040 ## - CATALOGING SOURCE
- Original cataloging agency: ARRUPE
- Transcribing agency: ARRUPE
100 ## - HEADING--PERSONAL NAME
- Personal name: Hibbard, Addison,
- Dates associated with a name: 1887-1945.
670 ## - SOURCE DATA FOUND
- Source citation: Work cat.: (ARRUPE)0: Hibbard, Addison, 1887-1945., Writers of the western world,, [1942]